000 00333nam a2200145 i 4500
001 bg
100 1 _aMILER, I.
245 0 _aŻycie bez drobnoustrojów /
_cI. Miler, J. Kruml.
260 _aWarszawa,
_c1979.
700 1 _aKRUML, J.
040 _cBPK
041 _apol
942 _cKS
008 s pl f |000 0 pol
999 _c21508
_d21508
856 _uhttp://koha.tu.koszalin.pl/cgi-bin/koha/opac-detail.pl?biblionumber=21508
_yKatalog online BPK